000
00314nam a2200133Ia 4500
005
20251222154357.0
008
251222s9999||||xx |||||||||||||| ||spa||
020
_a
84-663-0802-4
082
_a
838.94/M22J
100
_a
Mann, Thomas
245
0
_a
José y sus Hermanos:
264
_b
Suma de Letras
942
_c
LIB
999
_c
35145
_d
35145